آ ر د و ا د ب کے تد ر يسی د ر يچے (Record no. 95217)
[ view plain ]
| 000 -LEADER | |
|---|---|
| fixed length control field | 00699nam a22002177a 4500 |
| 005 - DATE AND TIME OF LATEST TRANSACTION | |
| control field | 20150724160143.0 |
| 008 - FIXED-LENGTH DATA ELEMENTS--GENERAL INFORMATION | |
| fixed length control field | 140714b xxu||||| |||| 00| 0 Urdu d |
| 010 ## - LCCN (DPL NO) | |
| LC control number | UR-9231 |
| 020 q# - INTERNATIONAL STANDARD BOOK NUMBER | |
| Terms of availability | 160.00 |
| 035 ## - SYSTEM CONTROL NUMBER | |
| System control number | U-7786 |
| 037 ## - SOURCE OF ACQUISITION | |
| Source of stock number/acquisition | DBAD/Pub. |
| 040 ## - CATALOGING SOURCE | |
| Original cataloging agency | DPL |
| Language of cataloging | Urdu |
| 082 ## - DEWEY DECIMAL CLASSIFICATION NUMBER | |
| Classification number | 808.88 |
| 100 ## - MAIN ENTRY--PERSONAL NAME | |
| Personal name | صد يقی نز ير |
| 245 ## - TITLE STATEMENT | |
| Title | آ ر د و ا د ب کے تد ر يسی د ر يچے |
| Statement of responsibility, etc | صد يقی نز ير |
| 246 ## - VARYING FORM OF TITLE | |
| Title proper/short title | Urdu Adab ke Tadrisi Dariche |
| Remainder of title | By Nazeer Siddiqui |
| 260 ## - PUBLICATION, DISTRIBUTION, ETC. (IMPRINT) | |
| Place of publication, distribution, etc | New Delhi |
| Date of publication, distribution, etc | 2009 |
| Name of publisher, distributor, etc | Maktaba Jamia Ltd. |
| 270 ## - ADDRESS | |
| Address | Jamia Nagar ,Bhopal Ground, |
| City | New Delhi |
| Postal code | 110025 |
| Telephone number | - |
| 300 ## - PHYSICAL DESCRIPTION | |
| Extent | 116ص |
| Dimensions | 22Cm (Hb) |
| 942 ## - ADDED ENTRY ELEMENTS (KOHA) | |
| Source of classification or shelving scheme | Dewey Decimal Classification |
| Item type | Urdu Bks |
| Edition | |
| Classification part | 808.88 |
| Call number suffix | ص د ی |
| Withdrawn status | Lost status | Source of classification or shelving scheme | Damaged status | Not for loan | Collection code | Home library | Current library | Date acquired | Source of acquisition | Cost, normal purchase price | Total Checkouts | Full call number | Barcode | Date last seen | Copy number | Cost, replacement price | Koha item type |
|---|---|---|---|---|---|---|---|---|---|---|---|---|---|---|---|---|---|
| Dewey Decimal Classification | Not For Loan | Non-fiction | D.B.Act.Division | D.B.Act.Division | 24/07/2015 | DBAD/Pub. | 160.00 | 808.88 ص د ی | U-7786 | 24/07/2015 | 1 | 160.00 | Urdu Bks |
